Statistics for The 50 Greatest Hip-Hop Songs of All Time

Click here to take the quiz!

General Stats

  • This quiz has been taken 3,841 times
    (3,646 since last reset)
  • The average score is 26 of 50

Answer Stats

#SongArtist% Correct
41California Love2Pac, Dr. Dre
96%
28Lose YourselfEminem
95%
39My Name Is ...Eminem
95%
18Dear Mama2Pac
93%
3399 ProblemsJay-Z
92%
16Big PimpinJay-Z feat. UGK
92%
20In Da Club50 Cent
90%
27Flava In Ya Ear (Remix)Craig Mack, Rampage, Notorious B.I.G., LL Cool J, Busta Rhymes
90%
6Nuthin' But A 'G' ThangDr. Dre feat. Snoop Doggy Dogg
90%
15**** tha PoliceN.W.A.
88%
9Straight Outta ComptonN.W.A.
88%
30HypnotizeNotorious B.I.G.
87%
32Jesus WalksKanye West
81%
37It Was A Good DayIce Cube
80%
8JuicyNotorious B.I.G.
80%
31N.Y. State of MindNas
73%
11C.R.E.A.M.Wu-Tang Clan
72%
36Rosa ParksOutkast
67%
50B.O.B.Outkast
67%
45Lost OnesLauryn Hill
61%
21Rock the BellsLL Cool J
60%
29Mama Said Knock You OutLL Cool J
60%
49Adventures of Grandmaster Flash and the Furious WheelGrandmaster Flash and the Furious Five
56%
1The MessageGrandmaster Flash and the Furious Five
56%
35Shook Ones Part IIMobb Deep
55%
7Fight The PowerPublic Enemy
53%
14Rebel Without a PausePublic Enemy
53%
38Get Ur Freak OnMissy Elliott
48%
23I Know You Got SoulEric B., Rakim
47%
10Paid in FullEric B., Rakim
47%
2Rapper's DelightSugarhill Gang
44%
46Push ItSalt 'n' Pepa
40%
4Sucker M.C.'sRun-D.M.C.
38%
17Peter PiperRun-D.M.C.
38%
19Paul RevereBeastie Boys
32%
26ScenarioA Tribe Called Quest
31%
44Me, Myself and IDe La Soul
27%
13La Di Da DiDoug E. Fresh, Slick Rick
26%
5Mind Playin' Tricks On MeGeto Boys
22%
25Ain't No Half Steppin'Big Daddy Kane
21%
12They Reminisce Over You (T.R.O.Y.)Pete Rock, C. L. Smooth
19%
40The BreaksKurtis Blow
18%
3Planet RockAfrika Bambaataa & the Soul Sonic Force
16%
22Strictly BusinessEPMD
14%
24It Takes TwoRob Base, DJ E-Z Rock
12%
42South BronxBoogie Down Productions
10%
43Top BillinAudio Two
6%
48The SymphonyMarley Marl
6%
34P. S. K. What Does It Mean?Schooly D
5%
47That's the JointFunky 4 + 1
3%

Score Distribution

Percentile by Number Answered

Percent of People with Each Score

Your Score History

You have not taken this quiz since the last reset